| 000 | 00346nam a2200121Ia 4500 | ||
|---|---|---|---|
| 008 | 210430s9999 xx 000 0 und d | ||
| 082 | _a305.513 S7131 S | ||
| 100 | _aPitirim A. Sorokin | ||
| 245 |
_aSocial and Cultural mobility _cPitirim A. Sorokin |
||
| 260 |
_aIslamabad _bNational Book Foundation _c1959 |
||
| 300 | _a645p. | ||
| 942 |
_cBK _2ddc |
||
| 999 |
_c563402 _d563402 |
||